Barometría, serie D, publicación nº5. /
Guardado en:
| Autor Corporativo: | |
|---|---|
| Formato: | Libro |
| Idioma: | Spanish |
| Publicado: |
Buenos Aires,
1952.
|
| Edición: | 2. ed. |
| Etiquetas: |
Agregar Etiqueta
Sin Etiquetas, Sea el primero en etiquetar este registro!
|
| LEADER | 00538nam a22001455a 4500 | ||
|---|---|---|---|
| 001 | EUN.um021925 | ||
| 008 | 041125s1952####ag#a##########000#0#spa#d | ||
| 005 | 20161005114544.0 | ||
| 245 | 1 | 0 | |a Barometría, serie D, publicación nº5. / |c Ministerio de Asuntos Técnicos. Presidencia de la Nación. |
| 260 | |a Buenos Aires, |c 1952. | ||
| 300 | |a 58 p. : |b ilus. ; |c 25 cm. | ||
| 250 | |a 2. ed. | ||
| 110 | 2 | |a Ministerio de Asuntos Técnicos. Presidencia de la Nación |c Argentina. | |
| 082 | 0 | 4 | |a 551.54 |
| 859 | |a Ar-BaUNS |b BIB. CENTRAL - Sector C |h 551.54 |i Ar37 |p 1937/956 | ||
